Brainrots you got from the Fuse Machine - Statistics

General Stats
  • This quiz has been taken 9 times
  • The average score is 10 of 16
Answer Stats
Rarity Answer % Correct
Secret La Supreme Combinasion
80%
Common Pipi Corni
80%
Epic Ti Ti Ti Sahur
80%
Secret Agarrini La Palini
60%
Mythic Avocadorilla
60%
Br. God Brr Es Teh Patipum
60%
Mythic Ganganzelli Trulala
60%
Secret Los Combinasionas
60%
Secret Los Hotspotsitos
60%
Epic Penguino Cocosino
60%
Rare Pipi Avocado
60%
Legendary Pi Pi Watermelon
60%
Mythic Tob Tobi Tobi
60%
Br. God Tukanno Bananno
60%
Legendary Cocosini Mama
40%
Br. God Los TungTungTungCitos
40%
No matching quizzes found
Score Distribution
Percent of People with Each Score
Percentile by Number Answered
Your Score History
You have not taken this quiz